| 000 | 00991nam a2200361Ia 4500 | ||
|---|---|---|---|
| 003 | OSt | ||
| 005 | 20220912145322.0 | ||
| 006 | a|||||r|||| 00| 0 | ||
| 007 | ta | ||
| 008 | 220909b |||||||| |||| 00| 0 eng d | ||
| 020 | _a9780815341307 (pbk) | ||
| 024 | _a84452 | ||
| 037 | _b057, 18/08/2009, N R Book Distributors | ||
| 037 | _cTextual | ||
| 040 |
_aCSL _beng _cCSL |
||
| 041 | _aeng | ||
| 082 | _aG11, Q0 | ||
| 100 | _aAlberts | ||
| 245 | 0 | _aEssential cell biology | |
| 250 | _a3 | ||
| 260 |
_aNew York _bGarland Science _c2010 |
||
| 300 |
_axx, 731p. _ccm. |
||
| 500 | _aGlossary G1-G8p.; Index I1-I28p. | ||
| 650 | _a Biochemistry | ||
| 650 | _a Molecular biology | ||
| 650 | _aCytology | ||
| 700 | _a Bray | ||
| 700 | _a Hopkin | ||
| 700 | _a Johnson | ||
| 700 | _a Lewis | ||
| 942 |
_hG11, Q0 _cTEXL _2CC |
||
| 999 |
_c28869 _d28869 |
||